[Event "Irena Warakomska Memorial A"]
[Site "Suwalki"]
[Date "2021.07.31"]
[Round "6"]
[White "Sakalauskas, Vaidas"]
[Black "Hnydiuk, Aleksander"]
[Result "1/2-1/2"]
[Board "8"]
[WhiteElo "2330"]
[WhiteTitle "IM"]
[WhiteCountry "LTU"]
[WhiteFideId "12800457"]
[WhiteEloChange "2"]
[BlackElo "2407"]
[BlackTitle "IM"]
[BlackCountry "POL"]
[BlackFideId "1109057"]
[BlackEloChange "-1"]

1. d4 {[%clk 1:30:57]} Nf6 {[%clk 1:27:13]} 2. c4 {[%clk 1:30:11]} g6 {[%clk
1:27:38]} 3. Nc3 {[%clk 1:30:07]} d5 {[%clk 1:28:03]} 4. cxd5 {[%clk 1:29:31]}
Nxd5 {[%clk 1:28:29]} 5. Bd2 {[%clk 1:29:37]} c5 {[%clk 1:28:17]} 6. e4 {[%clk
1:23:31]} Nxc3 {[%clk 1:28:41]} 7. Bxc3 {[%clk 1:24:00]} cxd4 {[%clk 1:28:58]} 8.
Bxd4 {[%clk 1:21:17]} e5 {[%clk 1:29:23]} 9. Bc3 {[%clk 1:14:13]} Nc6 {[%clk
1:29:40]} 10. Qxd8+ {[%clk 1:10:11]} Kxd8 {[%clk 1:29:55]} 11. Nf3 {[%clk
1:10:17]} f6 {[%clk 1:29:44]} 12. Bc4 {[%clk 1:08:21]} Bb4 {[%clk 1:14:03]} 13.
Bxb4 {[%clk 1:01:00]} Nxb4 {[%clk 1:14:18]} 14. O-O {[%clk 1:01:09]} Bg4 {[%clk
1:11:38]} 15. Nd2 {[%clk 1:01:10]} Ke7 {[%clk 1:11:54]} 16. a3 {[%clk 0:59:50]}
Nc2 {[%clk 1:00:54]} 17. Rac1 {[%clk 0:58:46]} Nd4 {[%clk 1:01:19]} 18. Nb3
{[%clk 0:54:22]} Be2 {[%clk 0:52:21]} 19. Rfe1 {[%clk 0:52:39]} Bxc4 {[%clk
0:52:37]} 20. Nxd4 {[%clk 0:53:03]} Rac8 {[%clk 0:52:33]} 21. Nf3 {[%clk
0:48:31]} Rhd8 {[%clk 0:51:34]} 22. h3 {[%clk 0:47:17]} Bd3 {[%clk 0:39:31]} 23.
Nd2 {[%clk 0:43:45]} Rc2 {[%clk 0:20:01]} 24. Rxc2 {[%clk 0:43:36]} Bxc2 {[%clk
0:20:29]} 25. Nf1 {[%clk 0:43:41]} Bd3 {[%clk 0:05:10]} 26. f3 {[%clk 0:42:22]}
Bxf1 {[%clk 0:04:04]} 27. Kxf1 {[%clk 0:42:26]} 1/2-1/2

[Event "Irena Warakomska Memorial A"]
[Site "Suwalki"]
[Date "2021.07.31"]
[Round "6"]
[White "Rozentalis, Eduardas"]
[Black "Kiolbasa, Oliwia"]
[Result "1/2-1/2"]
[Board "9"]
[WhiteElo "2520"]
[WhiteTitle "GM"]
[WhiteCountry "LTU"]
[WhiteFideId "12800023"]
[WhiteEloChange "-3"]
[BlackElo "2255"]
[BlackTitle "WIM"]
[BlackCountry "POL"]
[BlackFideId "1154613"]
[BlackEloChange "6"]

1. e4 {[%clk 1:30:54]} e5 {[%clk 1:30:51]} 2. Nf3 {[%clk 1:30:47]} Nc6 {[%clk
1:31:13]} 3. Bb5 {[%clk 1:30:56]} a6 {[%clk 1:31:28]} 4. Bxc6 {[%clk 1:31:11]}
dxc6 {[%clk 1:31:50]} 5. O-O {[%clk 1:30:20]} f6 {[%clk 1:32:07]} 6. d4 {[%clk
1:30:18]} exd4 {[%clk 1:32:25]} 7. Nxd4 {[%clk 1:30:41]} c5 {[%clk 1:32:35]} 8.
Ne2 {[%clk 1:29:50]} Qxd1 {[%clk 1:32:34]} 9. Rxd1 {[%clk 1:30:15]} Bd7 {[%clk
1:32:00]} 10. Nbc3 {[%clk 1:29:06]} O-O-O {[%clk 1:32:10]} 11. Be3 {[%clk
1:27:21]} Re8 {[%clk 1:31:38]} 12. f3 {[%clk 1:25:55]} Bc6 {[%clk 1:27:11]} 13.
Kf2 {[%clk 1:24:04]} b6 {[%clk 1:23:59]} 14. Nd5 {[%clk 1:17:14]} Ne7 {[%clk
1:16:01]} 15. Nef4 {[%clk 1:08:19]} Ng6 {[%clk 1:07:33]} 16. Nxg6 {[%clk
1:03:00]} hxg6 {[%clk 1:07:54]} 17. Bf4 {[%clk 1:03:27]} g5 {[%clk 1:07:21]} 18.
Bg3 {[%clk 1:03:10]} Bxd5 {[%clk 1:06:02]} 19. Rxd5 {[%clk 1:03:28]} c4 {[%clk
1:05:03]} 20. Rad1 {[%clk 0:59:21]} Bc5+ {[%clk 1:01:00]} 21. Kf1 {[%clk
0:59:07]} Rd8 {[%clk 0:51:21]} 22. Ke2 {[%clk 0:48:48]} Rxd5 {[%clk 0:47:10]} 23.
Rxd5 {[%clk 0:49:04]} Rd8 {[%clk 0:47:26]} 24. Rxd8+ {[%clk 0:47:45]} Kxd8 {[%clk
0:46:10]} 25. f4 {[%clk 0:47:30]} gxf4 {[%clk 0:38:12]} 26. Bxf4 {[%clk 0:47:46]}
b5 {[%clk 0:38:27]} 27. h4 {[%clk 0:43:31]} c6 {[%clk 0:36:18]} 28. Kf3 {[%clk
0:31:16]} Kd7 {[%clk 0:32:40]} 29. Kg4 {[%clk 0:27:41]} Ke6 {[%clk 0:31:56]} 30.
Kh5 {[%clk 0:21:11]} Kf7 {[%clk 0:29:05]} 31. g3 {[%clk 0:16:30]} a5 {[%clk
0:24:30]} 32. Kg4 {[%clk 0:15:57]} Ke6 {[%clk 0:24:49]} 33. e5 {[%clk 0:15:57]}
1/2-1/2

[Event "Irena Warakomska Memorial A"]
[Site "Suwalki"]
[Date "2021.07.31"]
[Round "6"]
[White "Socko, Monika"]
[Black "Poltorak, Sebastian"]
[Result "1-0"]
[Board "10"]
[WhiteElo "2393"]
[WhiteTitle "GM"]
[WhiteCountry "POL"]
[WhiteFideId "1106619"]
[WhiteEloChange "6"]
[BlackElo "2233"]
[BlackCountry "POL"]
[BlackFideId "1199498"]
[BlackEloChange "-6"]

1. d4 {[%clk 1:30:57]} Nf6 {[%clk 1:30:53]} 2. c4 {[%clk 1:31:22]} g6 {[%clk
1:31:17]} 3. Nc3 {[%clk 1:29:56]} d5 {[%clk 1:31:39]} 4. cxd5 {[%clk 1:27:46]}
Nxd5 {[%clk 1:32:01]} 5. e4 {[%clk 1:28:14]} Nxc3 {[%clk 1:32:25]} 6. bxc3 {[%clk
1:28:41]} Bg7 {[%clk 1:32:49]} 7. Bc4 {[%clk 1:28:34]} c5 {[%clk 1:33:12]} 8. Ne2
{[%clk 1:27:21]} Nc6 {[%clk 1:33:31]} 9. Be3 {[%clk 1:27:20]} O-O {[%clk
1:33:42]} 10. O-O {[%clk 1:27:17]} e6 {[%clk 1:34:02]} 11. Rc1 {[%clk 1:22:15]}
Qa5 {[%clk 1:23:26]} 12. Qb3 {[%clk 1:14:24]} a6 {[%clk 1:06:17]} 13. dxc5 {[%clk
1:05:23]} Ne5 {[%clk 1:03:42]} 14. f4 {[%clk 1:03:46]} Nxc4 {[%clk 1:03:20]} 15.
Qxc4 {[%clk 1:04:14]} Bd7 {[%clk 1:01:04]} 16. Rf2 {[%clk 0:54:02]} Rfc8 {[%clk
0:50:40]} 17. Ng3 {[%clk 0:44:48]} Bf8 {[%clk 0:45:21]} 18. Qb4 {[%clk 0:40:37]}
Qc7 {[%clk 0:43:07]} 19. f5 {[%clk 0:34:58]} a5 {[%clk 0:26:06]} 20. Qb2 {[%clk
0:33:18]} exf5 {[%clk 0:26:22]} 21. exf5 {[%clk 0:33:15]} Re8 {[%clk 0:26:03]}
22. Bd4 {[%clk 0:28:01]} Bc6 {[%clk 0:23:53]} 23. Qd2 {[%clk 0:26:48]} Rad8
{[%clk 0:15:23]} 24. Nh5 {[%clk 0:21:58]} Qe7 {[%clk 0:14:11]} 25. fxg6 {[%clk
0:20:49]} hxg6 {[%clk 0:10:18]} 26. Nf6+ {[%clk 0:20:14]} Qxf6 {[%clk 0:10:43]}
27. Rxf6 {[%clk 0:20:42]} Bxc5 {[%clk 0:10:57]} 28. Qf2 {[%clk 0:20:05]} 1-0

[Event "Irena Warakomska Memorial A"]
[Site "Suwalki"]
[Date "2021.07.31"]
[Round "6"]
[White "Zylka, Stanislaw"]
[Black "Rudzinska, Michalina"]
[Result "1-0"]
[Board "11"]
[WhiteElo "2362"]
[WhiteTitle "FM"]
[WhiteCountry "POL"]
[WhiteFideId "1189654"]
[WhiteEloChange "7"]
[BlackElo "2238"]
[BlackTitle "WFM"]
[BlackCountry "POL"]
[BlackFideId "1172883"]
[BlackEloChange "-7"]

1. Nf3 {[%clk 1:30:57]} c5 {[%clk 1:30:29]} 2. c4 {[%clk 1:31:16]} Nc6 {[%clk
1:30:34]} 3. Nc3 {[%clk 1:31:26]} g6 {[%clk 1:29:39]} 4. e3 {[%clk 1:31:35]} Bg7
{[%clk 1:29:16]} 5. d4 {[%clk 1:31:13]} cxd4 {[%clk 1:28:56]} 6. exd4 {[%clk
1:31:32]} d6 {[%clk 1:27:32]} 7. Be2 {[%clk 1:28:48]} Bg4 {[%clk 1:22:19]} 8. Be3
{[%clk 1:28:56]} Nh6 {[%clk 1:16:42]} 9. d5 {[%clk 0:51:24]} Bxf3 {[%clk
1:15:44]} 10. gxf3 {[%clk 0:40:30]} Ne5 {[%clk 1:13:36]} 11. Qa4+ {[%clk
0:39:24]} Qd7 {[%clk 1:04:52]} 12. Qxd7+ {[%clk 0:36:58]} Nxd7 {[%clk 1:01:46]}
13. Nb5 {[%clk 0:35:40]} O-O {[%clk 1:01:44]} 14. O-O-O {[%clk 0:34:11]} Nf5
{[%clk 0:49:31]} 15. Bxa7 {[%clk 0:32:59]} b6 {[%clk 0:48:12]} 16. Kb1 {[%clk
0:31:22]} e5 {[%clk 0:34:47]} 17. dxe6 {[%clk 0:28:10]} fxe6 {[%clk 0:35:07]} 18.
f4 {[%clk 0:25:55]} Bh6 {[%clk 0:17:23]} 19. Bf3 {[%clk 0:23:11]} Rac8 {[%clk
0:10:47]} 20. Rhe1 {[%clk 0:20:45]} Bxf4 {[%clk 0:10:02]} 21. Rxe6 {[%clk
0:20:48]} Be5 {[%clk 0:09:20]} 22. Bb7 {[%clk 0:19:28]} Rcd8 {[%clk 0:07:17]} 23.
Bc6 {[%clk 0:18:31]} Nc5 {[%clk 0:06:51]} 24. Rxe5 {[%clk 0:18:07]} dxe5 {[%clk
0:07:12]} 25. Rxd8 {[%clk 0:18:32]} Rxd8 {[%clk 0:07:34]} 26. Bxb6 {[%clk
0:18:35]} Rd2 {[%clk 0:03:27]} 27. Bxc5 {[%clk 0:18:38]} Nd4 {[%clk 0:03:30]} 28.
Nxd4 {[%clk 0:18:51]} exd4 {[%clk 0:03:54]} 29. a4 {[%clk 0:18:47]} d3 {[%clk
0:04:07]} 30. Kc1 {[%clk 0:18:43]} Rc2+ {[%clk 0:03:56]} 31. Kd1 {[%clk 0:19:11]}
Kf7 {[%clk 0:03:36]} 32. a5 {[%clk 0:19:26]} 1-0

[Event "Irena Warakomska Memorial A"]
[Site "Suwalki"]
[Date "2021.07.31"]
[Round "6"]
[White "Lukasiewicz, Krzysztof"]
[Black "Kacprzak, Kacper"]
[Result "1/2-1/2"]
[Board "12"]
[WhiteElo "2359"]
[WhiteTitle "FM"]
[WhiteCountry "POL"]
[WhiteFideId "1166042"]
[WhiteEloChange "-7"]
[BlackElo "2075"]
[BlackCountry "POL"]
[BlackFideId "21819319"]
[BlackEloChange "7"]

1. d4 {[%clk 1:30:56]} Nf6 {[%clk 1:30:55]} 2. Nf3 {[%clk 1:31:23]} d5 {[%clk
1:31:20]} 3. c4 {[%clk 1:22:07]} e6 {[%clk 1:31:45]} 4. Nc3 {[%clk 1:22:33]} Bb4
{[%clk 1:32:11]} 5. Bg5 {[%clk 1:14:24]} Nbd7 {[%clk 1:32:32]} 6. cxd5 {[%clk
1:11:37]} exd5 {[%clk 1:32:54]} 7. Qb3 {[%clk 1:10:57]} Bxc3+ {[%clk 1:28:16]} 8.
Qxc3 {[%clk 1:06:33]} O-O {[%clk 1:28:28]} 9. e3 {[%clk 1:05:37]} c6 {[%clk
1:23:24]} 10. Bd3 {[%clk 1:01:14]} Re8 {[%clk 1:20:35]} 11. O-O-O {[%clk
0:49:43]} a5 {[%clk 1:15:34]} 12. Kb1 {[%clk 0:45:07]} a4 {[%clk 1:13:37]} 13.
Qc2 {[%clk 0:45:32]} Qa5 {[%clk 1:05:36]} 14. a3 {[%clk 0:35:35]} Ne4 {[%clk
0:58:12]} 15. Bh4 {[%clk 0:34:18]} c5 {[%clk 0:55:55]} 16. Ng5 {[%clk 0:26:34]}
Nxg5 {[%clk 0:52:26]} 17. Bxg5 {[%clk 0:27:00]} h6 {[%clk 0:49:23]} 18. Bf4
{[%clk 0:22:22]} c4 {[%clk 0:47:41]} 19. Be2 {[%clk 0:22:35]} Nf6 {[%clk
0:44:30]} 20. f3 {[%clk 0:13:49]} b5 {[%clk 0:37:52]} 21. g4 {[%clk 0:13:16]} b4
{[%clk 0:33:37]} 22. Ka1 {[%clk 0:11:44]} Ba6 {[%clk 0:27:11]} 23. h4 {[%clk
0:12:08]} c3 {[%clk 0:19:38]} 24. axb4 {[%clk 0:12:19]} Qxb4 {[%clk 0:19:56]} 25.
Bxa6 {[%clk 0:12:43]} cxb2+ {[%clk 0:19:45]} 26. Qxb2 {[%clk 0:13:09]} Qxb2+
{[%clk 0:20:04]} 27. Kxb2 {[%clk 0:13:37]} Rxa6 {[%clk 0:20:28]} 28. Ka2 {[%clk
0:10:43]} h5 {[%clk 0:18:01]} 29. g5 {[%clk 0:09:47]} Nd7 {[%clk 0:18:25]} 30.
Rc1 {[%clk 0:08:12]} Nf8 {[%clk 0:17:23]} 31. Rc3 {[%clk 0:07:49]} Ng6 {[%clk
0:14:36]} 32. Bg3 {[%clk 0:07:33]} Rae6 {[%clk 0:14:02]} 33. Bf2 {[%clk 0:07:57]}
Ne7 {[%clk 0:13:59]} 34. Rc5 {[%clk 0:07:06]} g6 {[%clk 0:12:15]} 35. Rhc1 {[%clk
0:03:30]} Nf5 {[%clk 0:12:02]} 36. Rxd5 {[%clk 0:03:52]} Nxe3 {[%clk 0:12:27]}
37. Re5 {[%clk 0:03:56]} Rxe5 {[%clk 0:10:43]} 38. dxe5 {[%clk 0:04:20]} Rxe5
{[%clk 0:10:40]} 39. Rc8+ {[%clk 0:02:44]} Kh7 {[%clk 0:09:52]} 1/2-1/2

[Event "Irena Warakomska Memorial A"]
[Site "Suwalki"]
[Date "2021.07.31"]
[Round "6"]
[White "Nurkiewicz, Maciej"]
[Black "Kubicka, Anna"]
[Result "0-1"]
[Board "13"]
[WhiteElo "2342"]
[WhiteCountry "POL"]
[WhiteFideId "1107046"]
[WhiteEloChange "-14"]
[BlackElo "2210"]
[BlackTitle "WIM"]
[BlackCountry "POL"]
[BlackFideId "1152254"]
[BlackEloChange "14"]

1. e4 {[%clk 1:30:56]} c6 {[%clk 1:30:14]} 2. d4 {[%clk 1:31:19]} d5 {[%clk
1:30:39]} 3. Nc3 {[%clk 1:31:42]} dxe4 {[%clk 1:31:04]} 4. Nxe4 {[%clk 1:32:07]}
Bf5 {[%clk 1:31:28]} 5. Ng3 {[%clk 1:32:29]} Bg6 {[%clk 1:31:53]} 6. h4 {[%clk
1:32:50]} h6 {[%clk 1:32:16]} 7. h5 {[%clk 1:33:15]} Bh7 {[%clk 1:32:40]} 8. Nf3
{[%clk 1:33:40]} e6 {[%clk 1:32:47]} 9. Bd3 {[%clk 1:34:01]} Bxd3 {[%clk
1:33:06]} 10. Qxd3 {[%clk 1:34:26]} Nf6 {[%clk 1:33:25]} 11. Bf4 {[%clk 1:34:47]}
Qa5+ {[%clk 1:32:44]} 12. Bd2 {[%clk 1:35:09]} Bb4 {[%clk 1:32:51]} 13. c3 {[%clk
1:35:06]} Be7 {[%clk 1:32:57]} 14. c4 {[%clk 1:34:43]} Bb4 {[%clk 1:29:22]} 15.
a3 {[%clk 1:33:57]} Bxd2+ {[%clk 1:29:43]} 16. Nxd2 {[%clk 1:34:19]} Nbd7 {[%clk
1:28:18]} 17. O-O-O {[%clk 1:18:02]} O-O {[%clk 1:22:42]} 18. Nge4 {[%clk
1:10:34]} b5 {[%clk 1:19:44]} 19. c5 {[%clk 1:01:24]} Nxe4 {[%clk 1:01:13]} 20.
Nxe4 {[%clk 1:01:05]} b4 {[%clk 1:01:03]} 21. Rh3 {[%clk 0:54:19]} bxa3 {[%clk
0:42:18]} 22. Qxa3 {[%clk 0:54:22]} Qb5 {[%clk 0:40:04]} 23. Rg3 {[%clk 0:44:59]}
Qe2 {[%clk 0:33:06]} 24. Qf3 {[%clk 0:43:25]} Qc4+ {[%clk 0:29:34]} 25. Qc3
{[%clk 0:20:14]} Qd5 {[%clk 0:24:43]} 26. Qf3 {[%clk 0:20:28]} Qc4+ {[%clk
0:22:19]} 27. Kb1 {[%clk 0:20:48]} Rab8 {[%clk 0:22:27]} 28. Rd3 {[%clk 0:20:27]}
Qb4 {[%clk 0:12:52]} 29. Qe2 {[%clk 0:20:45]} Kh8 {[%clk 0:12:01]} 30. Nd6 {[%clk
0:12:19]} Nf6 {[%clk 0:11:53]} 31. Rgf3 {[%clk 0:06:47]} Kg8 {[%clk 0:09:23]} 32.
b3 {[%clk 0:05:45]} Qa3 {[%clk 0:07:20]} 33. Nc4 {[%clk 0:04:19]} Qa6 {[%clk
0:07:03]} 34. Rc3 {[%clk 0:00:43]} Nd5 {[%clk 0:06:58]} 35. Rc2 {[%clk 0:01:11]}
Rb4 {[%clk 0:06:35]} 36. Kb2 {[%clk 0:01:06]} Rfb8 {[%clk 0:06:41]} 37. Rc1
{[%clk 0:00:36]} Ra4 {[%clk 0:06:12]} 38. Qe5 {[%clk 0:00:33]} Ra2+ {[%clk
0:05:18]} 39. Kb1 {[%clk 0:01:01]} Rxb3+ {[%clk 0:04:52]} 40. Rxb3 {[%clk
0:31:17]} Ra1+ {[%clk 0:35:18]} 41. Kc2 {[%clk 0:31:32]} Qxc4+ {[%clk 0:35:40]}
0-1

[Event "Irena Warakomska Memorial A"]
[Site "Suwalki"]
[Date "2021.07.31"]
[Round "6"]
[White "Nowak, Mikolaj"]
[Black "Pacuszka, Tomasz"]
[Result "1-0"]
[Board "14"]
[WhiteElo "2310"]
[WhiteCountry "POL"]
[WhiteFideId "1191365"]
[WhiteEloChange "7"]
[BlackElo "2184"]
[BlackTitle "FM"]
[BlackCountry "POL"]
[BlackFideId "1119036"]
[BlackEloChange "-7"]

1. c4 {[%clk 1:30:56]} Nf6 {[%clk 1:29:19]} 2. Nc3 {[%clk 1:31:18]} c6 {[%clk
1:29:08]} 3. e4 {[%clk 1:31:30]} e5 {[%clk 1:29:01]} 4. Nf3 {[%clk 1:31:34]} d6
{[%clk 1:29:20]} 5. d4 {[%clk 1:31:31]} Qc7 {[%clk 1:29:31]} 6. Be2 {[%clk
1:30:35]} Bg4 {[%clk 1:29:29]} 7. O-O {[%clk 1:29:43]} Nbd7 {[%clk 1:29:33]} 8.
Be3 {[%clk 1:29:36]} Be7 {[%clk 1:29:04]} 9. Qc2 {[%clk 1:25:22]} O-O {[%clk
1:27:56]} 10. d5 {[%clk 1:22:21]} Rfe8 {[%clk 1:19:43]} 11. Rac1 {[%clk 1:20:17]}
a6 {[%clk 1:12:17]} 12. Ne1 {[%clk 1:14:36]} Bxe2 {[%clk 1:11:51]} 13. Qxe2
{[%clk 1:14:58]} Bf8 {[%clk 1:11:06]} 14. Nd3 {[%clk 1:13:48]} Rac8 {[%clk
1:08:34]} 15. f3 {[%clk 1:10:15]} c5 {[%clk 1:05:34]} 16. g3 {[%clk 1:08:09]} g6
{[%clk 1:01:27]} 17. Kh1 {[%clk 1:04:40]} Bg7 {[%clk 1:01:43]} 18. Rce1 {[%clk
1:00:59]} Kh8 {[%clk 0:57:01]} 19. Qg2 {[%clk 0:54:32]} Rb8 {[%clk 0:54:50]} 20.
a4 {[%clk 0:54:39]} Ng8 {[%clk 0:53:51]} 21. Re2 {[%clk 0:51:36]} Nb6 {[%clk
0:51:47]} 22. b3 {[%clk 0:51:40]} Nd7 {[%clk 0:52:08]} 23. Bd2 {[%clk 0:49:47]}
Qb6 {[%clk 0:51:14]} 24. Qh3 {[%clk 0:45:02]} Re7 {[%clk 0:51:32]} 25. Rb1 {[%clk
0:44:43]} Rf8 {[%clk 0:50:16]} 26. b4 {[%clk 0:36:43]} Qc7 {[%clk 0:48:08]} 27.
Be3 {[%clk 0:28:25]} cxb4 {[%clk 0:44:30]} 28. Rxb4 {[%clk 0:28:41]} f5 {[%clk
0:42:36]} 29. Reb2 {[%clk 0:27:53]} b6 {[%clk 0:39:43]} 30. Qg2 {[%clk 0:25:20]}
Ngf6 {[%clk 0:36:51]} 31. Qe2 {[%clk 0:23:34]} fxe4 {[%clk 0:33:59]} 32. fxe4
{[%clk 0:22:53]} Ref7 {[%clk 0:33:50]} 33. Nf2 {[%clk 0:19:34]} Qc8 {[%clk
0:32:04]} 34. Kg2 {[%clk 0:17:53]} Nh5 {[%clk 0:31:47]} 35. Nh3 {[%clk 0:16:14]}
h6 {[%clk 0:31:51]} 36. Bxb6 {[%clk 0:14:25]} Nf4+ {[%clk 0:30:48]} 37. gxf4
{[%clk 0:11:09]} exf4 {[%clk 0:31:09]} 38. Qf3 {[%clk 0:09:43]} Ne5 {[%clk
0:31:31]} 39. Qf1 {[%clk 0:09:14]} a5 {[%clk 0:29:29]} 40. Bxa5 {[%clk 0:36:38]}
Ng4 {[%clk 0:58:44]} 41. Kh1 {[%clk 0:30:37]} Ne3 {[%clk 0:57:09]} 42. Qf3 {[%clk
0:30:00]} Nxc4 {[%clk 0:55:10]} 43. Rxc4 {[%clk 0:28:06]} Qxc4 {[%clk 0:55:33]}
44. Rb6 {[%clk 0:22:26]} Be5 {[%clk 0:55:01]} 45. Rc6 {[%clk 0:18:02]} Qb3 {[%clk
0:55:21]} 46. Bb6 {[%clk 0:16:29]} g5 {[%clk 0:53:47]} 47. Nf2 {[%clk 0:16:14]}
Qa3 {[%clk 0:53:21]} 48. h3 {[%clk 0:13:37]} Rh7 {[%clk 0:52:13]} 49. Kg2 {[%clk
0:12:36]} h5 {[%clk 0:51:25]} 50. Nb5 {[%clk 0:08:55]} Qb4 {[%clk 0:51:33]} 51.
Rc7 {[%clk 0:05:17]} Rh6 {[%clk 0:50:41]} 52. Qa3 {[%clk 0:03:46]} Qe1 {[%clk
0:49:09]} 53. Qf3 {[%clk 0:02:44]} g4 {[%clk 0:44:25]} 54. hxg4 {[%clk 0:02:53]}
Rg8 {[%clk 0:44:50]} 55. Bd4 {[%clk 0:00:40]} Qd2 {[%clk 0:42:10]} 56. Bxe5+
{[%clk 0:00:44]} dxe5 {[%clk 0:42:31]} 57. g5 {[%clk 0:00:49]} Rxg5+ {[%clk
0:42:26]} 58. Kf1 {[%clk 0:01:01]} Rhg6 {[%clk 0:42:44]} 59. Nh3 {[%clk 0:01:00]}
Rg4 {[%clk 0:42:54]} 60. d6 {[%clk 0:00:44]} Qh2 {[%clk 0:42:27]} 61. Nf2 {[%clk
0:00:59]} Rg1+ {[%clk 0:42:10]} 62. Ke2 {[%clk 0:01:21]} R1g3 {[%clk 0:40:47]}
63. d7 {[%clk 0:01:24]} Rg8 {[%clk 0:41:11]} 64. Rc8 {[%clk 0:01:22]} Kh7 {[%clk
0:40:28]} 65. Rxg8 {[%clk 0:01:17]} Rxg8 {[%clk 0:40:54]} 66. Qb3 {[%clk
0:01:03]} Qg3 {[%clk 0:40:14]} 67. Qf7+ {[%clk 0:01:09]} Kh6 {[%clk 0:40:31]} 68.
Qf6+ {[%clk 0:01:23]} Kh7 {[%clk 0:40:53]} 69. d8=Q {[%clk 0:01:10]} Qe3+ {[%clk
0:41:01]} 70. Kf1 {[%clk 0:01:21]} Qc1+ {[%clk 0:41:17]} 71. Qd1 {[%clk 0:01:37]}
Qc4+ {[%clk 0:41:27]} 72. Nd3 {[%clk 0:01:45]} 1-0

[Event "Irena Warakomska Memorial A"]
[Site "Suwalki"]
[Date "2021.07.31"]
[Round "6"]
[White "Krawczyk, Flawian"]
[Black "Zakrzewski, Marek"]
[Result "0-1"]
[Board "15"]
[WhiteElo "1984"]
[WhiteCountry "POL"]
[WhiteFideId "21881413"]
[WhiteEloChange "-3"]
[BlackElo "2295"]
[BlackTitle "FM"]
[BlackCountry "POL"]
[BlackFideId "1170694"]
[BlackEloChange "3"]

1. e4 {[%clk 1:22:07]} c5 {[%clk 1:30:56]} 2. Nf3 {[%clk 1:22:27]} e6 {[%clk
1:31:19]} 3. d4 {[%clk 1:22:42]} cxd4 {[%clk 1:31:42]} 4. Nxd4 {[%clk 1:23:04]}
Nc6 {[%clk 1:32:07]} 5. Nc3 {[%clk 1:22:39]} Qc7 {[%clk 1:32:30]} 6. g3 {[%clk
1:22:36]} a6 {[%clk 1:32:49]} 7. Bg2 {[%clk 1:23:01]} Nf6 {[%clk 1:33:10]} 8. O-O
{[%clk 1:23:07]} Nxd4 {[%clk 1:33:24]} 9. Qxd4 {[%clk 1:23:33]} Bc5 {[%clk
1:33:44]} 10. Bf4 {[%clk 1:23:50]} d6 {[%clk 1:34:07]} 11. Qd2 {[%clk 1:24:16]}
h6 {[%clk 1:34:25]} 12. Rad1 {[%clk 1:24:30]} e5 {[%clk 1:34:45]} 13. Be3 {[%clk
1:24:55]} Bb4 {[%clk 1:35:05]} 14. Nb5 {[%clk 1:17:42]} axb5 {[%clk 1:35:13]} 15.
Qxb4 {[%clk 1:18:07]} Rxa2 {[%clk 1:35:33]} 16. Qxb5+ {[%clk 1:15:57]} Bd7 {[%clk
1:35:52]} 17. Qb4 {[%clk 1:16:06]} Ra6 {[%clk 1:35:43]} 18. h3 {[%clk 1:06:06]}
O-O {[%clk 1:35:06]} 19. c4 {[%clk 1:03:43]} Ra4 {[%clk 1:06:52]} 20. Qxd6 {[%clk
1:04:01]} Qxd6 {[%clk 1:07:07]} 21. Rxd6 {[%clk 1:04:26]} Rxc4 {[%clk 1:07:21]}
22. Bxh6 {[%clk 0:59:56]} Bxh3 {[%clk 1:04:10]} 23. Rxf6 {[%clk 0:52:47]} Bxg2
{[%clk 1:04:25]} 24. Kxg2 {[%clk 0:53:10]} gxf6 {[%clk 1:03:21]} 25. Bxf8 {[%clk
0:53:35]} Kxf8 {[%clk 1:03:43]} 26. Kf3 {[%clk 0:52:33]} Rc2 {[%clk 1:02:29]} 27.
Rb1 {[%clk 0:52:59]} Ke7 {[%clk 0:59:27]} 28. Ke3 {[%clk 0:53:12]} Kd6 {[%clk
0:53:36]} 29. Rd1+ {[%clk 0:49:50]} Ke6 {[%clk 0:48:46]} 30. Rd2 {[%clk 0:49:11]}
Rc4 {[%clk 0:48:53]} 31. f4 {[%clk 0:46:47]} Rb4 {[%clk 0:46:07]} 32. Kf3 {[%clk
0:44:35]} Rb3+ {[%clk 0:42:58]} 33. Kg4 {[%clk 0:44:43]} Re3 {[%clk 0:43:15]} 34.
Rd8 {[%clk 0:43:06]} Rxe4 {[%clk 0:42:29]} 35. Re8+ {[%clk 0:43:25]} Kd7 {[%clk
0:42:22]} 36. Rf8 {[%clk 0:42:11]} Ke7 {[%clk 0:37:23]} 37. Rc8 {[%clk 0:42:30]}
Rb4 {[%clk 0:37:24]} 38. Kf5 {[%clk 0:39:35]} exf4 {[%clk 0:37:07]} 39. Rc7+
{[%clk 0:38:26]} Kd6 {[%clk 0:32:50]} 40. Rxf7 {[%clk 1:08:50]} fxg3 {[%clk
1:02:58]} 41. Rxf6+ {[%clk 1:09:16]} Kd5 {[%clk 1:03:14]} 42. Rg6 {[%clk
1:09:39]} Rxb2 {[%clk 1:03:01]} 43. Rxg3 {[%clk 1:09:54]} Rf2+ {[%clk 1:03:23]}
44. Kg4 {[%clk 1:10:21]} b5 {[%clk 1:03:33]} 45. Rc3 {[%clk 1:10:33]} b4 {[%clk
1:03:25]} 46. Rc8 {[%clk 1:11:00]} Kd4 {[%clk 1:01:20]} 47. Kg3 {[%clk 1:11:26]}
Rf7 {[%clk 1:01:27]} 0-1

[Event "Irena Warakomska Memorial A"]
[Site "Suwalki"]
[Date "2021.07.31"]
[Round "6"]
[White "Szadkowski, Kamil"]
[Black "Antolak, Julia"]
[Result "1-0"]
[Board "16"]
[WhiteElo "2282"]
[WhiteTitle "FM"]
[WhiteCountry "POL"]
[WhiteFideId "1123203"]
[WhiteEloChange "11"]
[BlackElo "2309"]
[BlackTitle "WIM"]
[BlackCountry "POL"]
[BlackFideId "1159569"]
[BlackEloChange "-11"]

1. e4 {[%clk 1:30:57]} c6 {[%clk 1:30:55]} 2. d4 {[%clk 1:31:03]} d5 {[%clk
1:31:19]} 3. e5 {[%clk 1:30:19]} c5 {[%clk 1:31:23]} 4. dxc5 {[%clk 1:30:39]} e6
{[%clk 1:31:31]} 5. a3 {[%clk 1:29:41]} Bxc5 {[%clk 1:31:37]} 6. b4 {[%clk
1:28:35]} Be7 {[%clk 1:30:09]} 7. Qg4 {[%clk 1:27:11]} g6 {[%clk 1:25:42]} 8. Bd3
{[%clk 1:24:31]} Nc6 {[%clk 1:24:52]} 9. Bb2 {[%clk 1:22:12]} h5 {[%clk 1:17:41]}
10. Qe2 {[%clk 1:20:28]} Nh6 {[%clk 1:17:16]} 11. Nf3 {[%clk 1:20:17]} Nf5 {[%clk
1:03:27]} 12. O-O {[%clk 1:19:12]} Qb6 {[%clk 0:57:07]} 13. c4 {[%clk 1:07:00]}
dxc4 {[%clk 0:49:22]} 14. Bxc4 {[%clk 1:07:07]} g5 {[%clk 0:47:08]} 15. Rd1
{[%clk 0:39:11]} g4 {[%clk 0:40:10]} 16. Ne1 {[%clk 0:39:21]} Bd7 {[%clk
0:29:48]} 17. b5 {[%clk 0:32:33]} Na5 {[%clk 0:24:43]} 18. Nc3 {[%clk 0:32:21]}
Nxc4 {[%clk 0:23:00]} 19. Qxc4 {[%clk 0:32:27]} Rd8 {[%clk 0:23:06]} 20. a4
{[%clk 0:31:28]} O-O {[%clk 0:17:56]} 21. Ne4 {[%clk 0:27:37]} Bc8 {[%clk
0:15:22]} 22. a5 {[%clk 0:21:50]} Qxa5 {[%clk 0:12:19]} 23. Rxa5 {[%clk 0:22:12]}
Rxd1 {[%clk 0:12:45]} 24. Ra1 {[%clk 0:22:24]} 1-0